Micropaleontology Principles and Application (Record no. 60708)
[ view plain ]
| 000 -LEADER | |
|---|---|
| fixed length control field | 00522nam a22001937a 4500 |
| 005 - DATE & TIME | |
| control field | 20260423152354.0 |
| 008 - FIXED-LENGTH DATA ELEMENTS--GENERAL INFORMATION | |
| fixed length control field | 260423b |||||||| |||| 00| 0 eng d |
| 020 ## - ISBN | |
| International Standard Book Number | 9783319791999 |
| Price | 9524.54 |
| 040 ## - CATALOGING SOURCE | |
| Original cataloging agency | Doon University |
| 041 ## - Language | |
| Language | English |
| 082 ## - DDC NUMBER | |
| Classification number | 560 |
| Book Number | PRA |
| 100 ## - MAIN ENTRY--PERSONAL NAME | |
| Personal name | Saraswati, Pratul Kumar |
| 245 ## - TITLE STATEMENT | |
| Title | Micropaleontology Principles and Application |
| 260 ## - PUBLICATION, DISTRIBUTION, ETC. (IMPRINT) | |
| Place of publication, distribution, etc | Switzerland |
| Name of publisher, distributor, etc | Springer |
| Date of publication, distribution, etc | 2016 |
| 300 ## - PHYSICAL DESCRIPTION | |
| Pages | 224 |
| 650 ## - Subject | |
| Subject | Geology (PM USHA) |
| 700 ## - Added Entry Personal Name | |
| Added Entry Personal Name | Srinivasan, M.S. |
| 942 ## - ADDED ENTRY ELEMENTS (KOHA) | |
| Koha item type | Books |
| 100 ## - MAIN ENTRY--PERSONAL NAME | |
| -- | 26711 |
| 650 ## - Subject | |
| -- | 26712 |
| 700 ## - Added Entry Personal Name | |
| -- | 24522 |
| 952 ## - LOCATION AND ITEM INFORMATION (KOHA) | |
| -- | 2026-04-23 |
| 952 ## - LOCATION AND ITEM INFORMATION (KOHA) | |
| -- | 2026-04-23 |
| Withdrawn status | Lost status | Source of classification or shelving scheme | Damaged status | Not for loan | Location (home branch) | Sublocation or collection (holding branch) | Date acquired | Koha issues (times borrowed) | Koha full call number | Accession No. | Koha date last seen | Koha item type |
|---|---|---|---|---|---|---|---|---|---|---|---|---|
| Doon University | Doon University | 23.04.2026 | 560 PRA | 32933 | 23.04.2026 | Books | ||||||
| Doon University | Doon University | 23.04.2026 | 560 PRA | 32934 | 23.04.2026 | Books |